000 00273nam a2200121Ia 4500
008 190216s9999||||xx |||||||||||||| ||und||
100 _aBatten J D
245 0 _aBeyond Management By Objectives
260 _bNull
_c1977
300 _a108p
650 _aCommerce
942 _cBK
999 _c4301
_d4301